00985 2200361 4500001002100000005001500021035002000036007000300056008004100059040001700100100002200117245008600139300004900225020002200274041000800296082001000304084001400314090002100328260003900349850001000388600001100398990002400409990002400433990002400457990001800481990001800499990001800517990001800535990001600553990001800569990001800587990001800605INLIS00000000000301720260529104852 a0010-0221000038ta260529 0  aSBPUPADbind0 aRafael raga Maran1 aManusia dan Kebudayaan :bDalam Perspektif Ilmu Budaya Dasar /cRafael raga Maran axi, 205 hlm. ;c20 cmeBibliografi, hlm 209 a978-979-518-565-9 aind a306.4 a306 RAF m a303.38 ERI t 8-2 a.-- Jakarta :bRineka Cipta,c2007 aPUPAD 4aBudaya a13.491/BR-KAPD/2010 a13.492/BR-KAPD/2010 a13.493/BR-KAPD/2010 a18283/Br.2013 a18281/Br/2013 a18283/Br.2013 a18281/Br/2013 a00000041093 a18282/BR/2013 a18279/BR/2013 a18280/BR/2013